000 00789nam a22002177a 4500
003 UA-OsUOA
001 101365
007 ta
008 20130617b un ||||| |||| 00| 0 ukr d
090 _a94(477).092
_bШ 64
942 _cBK
040 _aUA-OsUOA
_bukr
_cUA-OsUOA
_dUA-OsUOA
245 _a16 репортажів з війни
_bспогади працівників інституту - ветеранів Великої Вітчизняної війни 1941-1945 р.р.
_cРедактор Суярко С.
300 _a114 с.
955 _a1
041 _aukr
080 _a94(477).092
260 _aЧернігів
_bРедакційно-видавничий відділ
_c1995
650 7 _a9 Географія. Біографії. Історія
_2UDC
999 _c387607
_d387607